000 00470nam a2200181Ia 4500
003 GCL
008 140319s9999 xx 000 0 eng d
040 _aGCL /
_cGCL
082 0 4 _a843
_bF N
100 1 _aFERRY, LUC
245 1 0 _aLE NOUVEL ORDRE ECOLOGIQUE /
_cFERRY, LUC
260 _a[S.N] :
_bLIBRAIRE GENERALE FRANCAISE ،
_c1994
300 _a222 P
490 _aLE LIVRE DE POCHE
_v0
650 0 4 _aLITERATURE
650 0 4 _aFRENCH LITERATURE
942 _2ddc
_cBK
999 _c22932
_d22932